| 000 | 00479nam a22001817a 4500 | ||
|---|---|---|---|
| 003 | CEME | ||
| 005 | 20210628203555.0 | ||
| 008 | 210121b xxu||||| |||| 00| 0 eng d | ||
| 020 | _a0-07-142982-4 | ||
| 040 | _cceme | ||
| 082 | _a428.0071 AIT | ||
| 100 |
_aAitchison jean _9305 |
||
| 245 | _aTeach yourself linguistics | ||
| 260 |
_aLONDON _bMCGRAW HILL _c2003 |
||
| 300 | _aVIII,257P | ||
| 650 |
_aLINGUISTICS.DISCOVER LANGUAGE.HOW LANGUAGE WORKS _966325 |
||
| 942 |
_cBK _2ddc |
||
| 999 |
_c574306 _d574306 |
||